Animal Alphabet Picture 23 - Statistics

General Stats
  • This quiz has been taken 11 times
  • The average score is 18 of 26
Answer Stats
Picture Hint Answer % Correct
C Cat
91%
D Duck
91%
E Elephant
91%
F Flamingo
91%
H Hedgehog
91%
J Jaguar
91%
K Kangaroo
91%
L Llama
91%
M Mouse
91%
P Pig
91%
S Seal
91%
G Grasshopper
82%
N Narwhal
82%
A Armadillo
73%
O Ostrich
73%
B Buffalo
64%
T Toucan
64%
Y Yellow Jacket
55%
R Roadrunner
45%
V Vole
45%
W Wallaby
45%
U Uaru
36%
Z Zebra Butterfly
36%
I Indri
27%
Q Quetzal
27%
X Xenopus
27%
No matching quizzes found
Score Distribution
Percent of People with Each Score
Percentile by Number Answered
Your Score History
You have not taken this quiz